| 000 | 01902nam a22002537a 4500 | ||
|---|---|---|---|
| 005 | 20250905131534.0 | ||
| 006 | a|||||r||||||||||| | ||
| 008 | t2023 a b 001 0 eng|| | ||
| 020 | _a9780300270952 | ||
| 040 |
_aGR-AtMCL _beng |
||
| 100 |
_aEvans, Caroline _4070 _910102 |
||
| 245 | 1 | 0 |
_aFashion at the edge : _bspectacle, modernity and deathliness / _cCaroline Evans. |
| 246 | 3 | 0 | _aSpectacle, modernity and deathliness |
| 264 | 1 |
_aNew Haven : _bYale University Press, _c2023. |
|
| 300 |
_avii, 326 pages : _bill. ; _c28 cm |
||
| 500 | _aPrevious edition: 2003. | ||
| 504 | _aIncludes bibliographical references (pages 310-319) and index. | ||
| 520 | _aExperimental fashion has a dark side, a preoccupation with representations of death, trauma, alienation and decay. This seminal publication offers an unexpected discussion of cutting-edge fashion in the 1990s, exploring what its disturbing themes tell us about consumer culture and contemporary anxieties. Caroline Evans analyses the work of innovative designers, the images of fashion photographers and the spectacular fashion shows that developed in the final decade of the twentieth century to arrive at a new understanding of fashion’s dark side and what it signifies. Fashion at the Edge considers a range of ground- breaking fashion in unprecedented depth and detail, including the work of such designers as John Galliano, Alexander McQueen, Hussein Chalayan and Viktor & Rolf, and photographers such as Steven Meisel, Nick Knight and Juergen Teller. Drawing on diverse perspectives from Marx to Walter Benjamin, Evans shows that fashion stands at the very centre of the contemporary, and that it voices some of Western culture’s deepest concerns. | ||
| 650 | 0 |
_aFashion _99926 |
|
| 650 | 0 |
_aFashion and art _xHistory _910078 |
|
| 650 | 0 |
_aClothing and dress _xHistory _910087 |
|
| 942 | _cBK | ||
| 999 |
_c9931 _d9931 |
||